000 01200nam a2200349 i 4500
001 57287
003 CO-BoRNBP
005 20250613152403.0
007 ta
008 231210s2023 ck a|||ar|||| 00||| spa d
020 _a9789583204005
040 _aCO-BoRNBP
_bspa
_erda
_cCO-BoRNBP
041 1 _aspa
_hjpan
043 _aa..ja...
_as-ck---
084 _aC SAT1
100 _aKitamura, Satoshi
_d1956-
_eautor
245 1 0 _aLily va de paseo
_cSatoshi Kitamura ; traducción Juana Inés Dehesa
250 _aEdición especial
264 1 _aBogotá, Colombia
_bEditorial Océano De Colombia
_c2023
300 _a24 páginas:
_bilustraciones a color
_c22 cm
336 _atexto
_btxt
_2rdacontent
337 _asin mediación
_bn
_2rdamedia
338 _avolumen
_bnc
_2rdacarrier
521 _aRecomendado para un público infantil a partir de los 6 años
534 _tLily takes a walk
650 1 0 _aCuentos infantiles japoneses.
_ySiglo XXI
_2LEMB
_960223
650 1 0 _aLiteratura infantil japonesa.
_2LEMB
_92357
650 1 0 _aMascotas en la litertaura
_2LEMB
_960224
650 1 0 _aLibros ilustrados para niños
_2LEMB
_92001
700 1 _aDehesa, Juana Inés
_etraductora
942 _2loc
_cBKLITI
999 _c57287
_d57287